[Event "Pontevedra op 5th"]
[Site "Pontevedra"]
[Date "2017.08.10"]
[Round "3"]
[White "Sanchez Aller, Fernando"]
[Black "Iglesias Gonzalez, Sabela"]
[Result "1-0"]
[WhiteElo "2337"]
[BlackElo "1591"]
[PlyCount "37"]
[EventDate "2017.08.08"]
[EventType "swiss"]
[EventRounds "9"]
[EventCountry "ESP"]
[SourceTitle "CBM 179 Extra"]
[Source "ChessBase"]
[SourceDate "2017.08.23"]
[SourceVersion "1"]
[SourceVersionDate "2017.08.23"]
[SourceQuality "1"]

1. d4 Nf6 2. c4 g6 3. Nc3 Bg7 4. e4 d6 5. Nf3 0-0 6. Be2 Nbd7 7. 0-0 e5 8. Re1 Re8 9. Bf1 exd4 10. Nxd4 Nc5 11. f3 Nfd7 12. Be3 a6 13. Qd2 Ne6 14. Rad1 Qh4 15. Nxe6 fxe6 16. Bg5 Qh5 17. g4 Bd4+ 18. Kg2 Bxc3 19. bxc3 1-0

[Event "Ferrol op 31th"]
[Site "Ferrol"]
[Date "2016.07.27"]
[Round "9"]
[White "Iglesias Gonzalez, Sabela"]
[Black "Meira Iglesias, Alejandro"]
[Result "1/2-1/2"]
[WhiteElo "1363"]
[BlackElo "1756"]
[PlyCount "78"]
[EventDate "2016.07.18"]
[EventType "swiss"]
[EventRounds "9"]
[EventCountry "ESP"]
[SourceTitle "EXT 2024"]
[Source "ChessBase"]
[SourceDate "2023.10.10"]
[SourceVersion "1"]
[SourceVersionDate "2023.10.10"]
[SourceQuality "1"]

1. e4 c5 2. Nc3 e6 3. g3 Nc6 4. Bg2 d6 5. Nge2 Be7 6. d3 Bf6 7. f4 Nge7 8. Be3 Nd4 9. g4 Nxe2 10. Qxe2 Bh4+ 11. Bf2 Bxf2+ 12. Qxf2 Qb6 13. Rb1 Qa5 14. 0-0 Nc6 15. f5 e5 16. a3 Bd7 17. Nd5 Qd8 18. h4 h6 19. Qg3 Ne7 20. f6 Nxd5 21. fxg7 Rg8 22. exd5 Rxg7 23. Bh3 Qc8 24. Kh2 h5 25. g5 Bxh3 26. Qxh3 Qxh3+ 27. Kxh3 Ke7 28. Rf6 Rc8 29. c4 Rh7 30. Rbf1 Rg8 31. R1f5 Rg6 32. Rxg6 fxg6 33. Rf6 Rf7 34. Rxg6 Rf3+ 35. Kg2 Rxd3 36. Re6+ Kd7 37. g6 Rd4 38. Kh3 Rxc4 39. Rf6 Rg4 1/2-1/2

[Event "Ferrol op 31th"]
[Site "Ferrol"]
[Date "2016.07.22"]
[Round "5"]
[White "Del Rio Suarez, Emilio"]
[Black "Iglesias Gonzalez, Sabela"]
[Result "0-1"]
[WhiteElo "1311"]
[BlackElo "1363"]
[PlyCount "64"]
[EventDate "2016.07.18"]
[EventType "swiss"]
[EventRounds "9"]
[EventCountry "ESP"]
[SourceTitle "EXT 2024"]
[Source "ChessBase"]
[SourceDate "2023.10.10"]
[SourceVersion "1"]
[SourceVersionDate "2023.10.10"]
[SourceQuality "1"]

1. e4 e6 2. Nc3 d5 3. d3 c5 4. exd5 exd5 5. Qe2+ Be7 6. Bf4 Nf6 7. 0-0-0 0-0 8. Bxb8 Rxb8 9. Nf3 b5 10. Ne5 Qc7 11. Nf3 Re8 12. Re1 b4 13. Nb1 a5 14. Qe5 Bd6 15. Qxe8+ Nxe8 16. Rxe8+ Bf8 17. b3 Bg4 18. Rxb8 Qxb8 19. Nbd2 Qf4 20. Be2 Qf6 21. Kb1 g6 22. h3 Bg7 23. d4 cxd4 24. Bd3 Bf5 25. g4 Be4 26. g5 Qf5 27. Bxe4 dxe4 28. Ne1 e3 29. fxe3 dxe3 30. Nc4 Qxg5 31. Nd3 Qf6 32. Nce5 e2 0-1

[Event "Galego-ch U14"]
[Site "Viveiro"]
[Date "2016.02.09"]
[Round "8.10"]
[White "Iglesias Gonzalez, Sabela"]
[Black "Victorero Dominguez, Oscar"]
[Result "1/2-1/2"]
[WhiteElo "1256"]
[BlackElo "1356"]
[PlyCount "43"]
[EventDate "2016.02.06"]
[EventType "swiss"]
[EventRounds "8"]
[EventCountry "ESP"]
[SourceTitle "EXT 2024"]
[Source "ChessBase"]
[SourceDate "2023.10.10"]
[SourceVersion "1"]
[SourceVersionDate "2023.10.10"]
[SourceQuality "1"]

1. e4 d5 2. exd5 Nf6 3. Bb5+ c6 4. dxc6 Nxc6 5. Nc3 e5 6. d3 Bg4 7. f3 Bf5 8. Be3 Nd5 9. Nxd5 Qxd5 10. Bc4 Qa5+ 11. c3 Rd8 12. Ne2 b5 13. b4 Qa6 14. Bb3 Bxd3 15. 0-0 Be7 16. Re1 0-0 17. a4 Qb7 18. axb5 Bxb5 19. Qc2 Bxe2 20. Qxe2 a5 21. b5 Na7 22. Rxa5 1/2-1/2